Symbiosis The Curricullum and Classroom (Record no. 6862)

MARC details
005 - DATE AND TIME OF LATEST TRANSACTION
control field 20260317170216.0
020 ## - INTERNATIONAL STANDARD BOOK NUMBER
International Standard Book Number 9781913622084
100 ## - MAIN ENTRY--PERSONAL NAME
Author name HOWARD,K
245 ## - TITLE STATEMENT
Title Symbiosis The Curricullum and Classroom
260 ## - PUBLICATION, DISTRIBUTION, ETC.
Place of publication, distribution, etc. Woodbridge
Name of publisher, distributor, etc. JOHN CATT
Date of publication, distribution, etc. 2020
300 ## - PHYSICAL DESCRIPTION
Extent 176p
Dimensions 21cm
700 ## - ADDED ENTRY--PERSONAL NAME
Other authors/Editors HILL,C
942 ## - ADDED ENTRY ELEMENTS (KOHA)
Source of classification or shelving scheme Dewey Decimal Classification
Koha item type Books
Holdings
Date last seen Total checkouts Full call number Barcode Cost, replacement price Price effective from Koha item type Lost status Source of classification or shelving scheme Damaged status Not for loan Withdrawn status Home library Current library Shelving location Date acquired Source of acquisition Cost, normal purchase price
03/17/2026   574HOW MBY0001172 105600.00 03/17/2026 Books   Dewey Decimal Classification       CBE MBEYA CBE MBEYA General Collection 02/23/2026 DONATION 35200.00